000
00216nam a2200097 4500
082
_a
FAB
100
_a
Fabr, John
245
_a
Foundation Design Simply Explained
260
_a
London:
_b
Oxford University,
942
_c
BK
999
_c
13027
_d
13027